EU4 categories of 5 - Statistics

General Stats
  • This quiz has been taken 259 times
  • The average score is 15 of 20
Answer Stats
Hint Answer % Correct
Types of subject nations Vassal
98%
Releasable nations in mainland Iberia Leon
92%
Types of subject nations Personal Union
90%
Great projects in Italy (province name) Rome
86%
Great projects in Italy (province name) Venice
86%
Great projects in Italy (province name) Milano
85%
Great projects in Italy (province name) Napoli
85%
Types of subject nations Tributary
85%
Timurid vassals Afghanistan
83%
Releasable nations in mainland Iberia Catalonia
83%
Releasable nations in mainland Iberia Galicia
82%
Great projects in Italy (province name) Firenze
81%
Timurid vassals Transoxiana
81%
Timurid vassals Fars
72%
Releasable nations in mainland Iberia Valencia
72%
Releasable nations in mainland Iberia Asturias
67%
Timurid vassals Sistan
53%
Types of subject nations Colonial Nation
48%
Timurid vassals Khorasan
48%
Types of subject nations Client State
28%
No matching quizzes found
Score Distribution
Percent of People with Each Score
Percentile by Number Answered
Your Score History
You have not taken this quiz